World War III Countries - Statistics

General Stats
  • This quiz has been taken 153 times
  • The average score is 51 of 62
Answer Stats
Region Answer % Correct
Europe United Kingdom
99%
North America United States
99%
North America Canada
98%
Europe France
98%
Europe Germany
97%
Europe Spain
96%
East Asia China
93%
East Asia Japan
92%
Europe Russia
92%
Europe Sweden
92%
Europe Ukraine
92%
Europe Finland
91%
Europe Norway
91%
Middle East Iran
90%
Europe Poland
89%
Europe Portugal
89%
Europe Greece
88%
Middle East Iraq
88%
Middle East Israel
88%
Europe Netherlands
88%
Europe Turkey
88%
East Asia North Korea
87%
Central Asia Pakistan
87%
Central Asia India
86%
Oceania New Zealand
86%
East Asia South Korea
85%
Europe Belgium
84%
Europe Romania
84%
Europe Slovakia
84%
Europe Denmark
83%
Europe Hungary
83%
Europe Latvia
83%
Middle East Saudi Arabia
83%
Europe Estonia
82%
Europe Lithuania
82%
Middle East Afghanistan
81%
Caucasus Armenia
81%
Europe Bulgaria
81%
Caucasus Georgia
81%
Europe Serbia
81%
Europe Slovenia
81%
Europe Belarus
80%
Europe Croatia
80%
Europe Czechia
80%
Middle East Syria
80%
Europe Albania
79%
Caucasus Azerbaijan
79%
Middle East Yemen
79%
Middle East Lebanon
78%
Central Asia Kazakhstan
77%
East Asia Taiwan
77%
Oceania Australia
74%
Middle East Egypt
74%
Europe Montenegro
74%
Europe Iceland
73%
Europe North Macedonia
72%
Europe Kosovo
67%
Central Asia Kyrgyzstan
66%
East Asia Philippines
65%
Central Asia Tajikistan
65%
Europe Luxembourg
60%
Middle East Palestine
55%
No matching quizzes found
Score Distribution
Percent of People with Each Score
Percentile by Number Answered
Your Score History
You have not taken this quiz